000 00617nam a22001937a 4500
999 _c180184
_d180184
005 20210728115711.0
010 _aB-740667
020 _a9789380848761
_c150.00
035 _aB-740667
037 _bGift
082 _a921
100 _aWashington, Booker T.
245 _aUp from slavery:
_ban autobiography /
_cby Booker T. Washington
260 _aNew Delhi
_bBlueberry Books
_c2013
270 _a4675 A/21, Ansari Road, Daryaganj
_bNew Delhi
_e110002
300 _a270p.
_c22cm(pbk)
942 _2ddc
_cEN
_mWAS
_h921